000 02124nam0a2200397 4500
001 RU\NLR\bibl\538632
005 20260607042550.0
010 _a5-94491-084-4
_9500
021 _aRU
_b2004-8228
_9416
035 _aRSL-KNO-002408587
035 _a(NLR Aleph) 000530889
090 _a1352359
_c1352359
100 _a20040316d2003 |||y0rusy50 ca
101 0 _arus
102 _aRU
105 _ay |||||||||
106 _ar
200 1 _aПрименение кинезитерапии у детей с перинатальной патологией на основе мюнхеновской оценки психомоторного развития
_fВ.П. Терещенко, С.В. Клеменков, Л.В. Васильева, И.В. Кубушко
_gМ-во здравоохранения Рос. Федерации, Рос. акад. мед. наук. Сиб. отд-ние
210 _aКрасноярск
_cКларетианум
_d2003
_eИзд-во Кларетианум
215 _a132, [1] с.
_d20
320 _aБиблиогр. в конце кн. (75 назв.)
606 0 _aЦентральная нервная система
_xПеринатальная патология
_xКинезиотерапия
_92344137
_3RU\NLR\auth\661400946
610 0 _aкинезотерапия при перинатальной патологии
686 _aР733.627-541,07
_2rubbk
686 _aР733.627-541
701 1 _aТерещенко
_bВ. П.
_gВалентина Павловна
_4070
701 1 _4070
_7ca
_8rus
_aКлеменков
_bС. В.
_gСергей Вениаминович
_93903
_3RU\NLR\auth\7720837
701 1 _4070
_7ca
_8rus
_aВасильева
_bЛ. В.
_cмедик, педиатрия
_93905
_3RU\NLR\auth\7720839
701 1 _4070
_7ca
_8rus
_aКубушко
_bИ. В.
_gИрина Владимировна
_93906
_3RU\NLR\auth\7720840
801 0 _aRU
_bRuMoRKP
_c20040316
_gPSBO
801 1 _aRU
_bRuMoRKP
_c20040316
801 2 _aRU
_bNLR
_c20040709
_gPSBO
942 _cBOOK
980 _aNB